• 首页
  • 本馆介绍
  • 公告通知
  • 最新文献
  • 馆藏检索
  • 电子资源
  • 读者导购
  • 参考咨询
  • 我的图书馆
  • 登录
  • 详细信息显示
  • 放入我的书架
  • 预约/预借图书
  • 作者相关作品
  • 分类相关作品
  • 丛书相关作品
  • 出版社相关作品

书目信息

  • 表格格式
  • 工作单格式
  • 卡片格式
题名:
数学与猜想
    
 
作者: 波利亚 , Polya 著 ;李心灿 译
分册:  
出版信息: 北京   科学出版社  1984
页数: 311页
开本: 21cm
丛书名: 数学名著译丛
单 册:
中图分类: O1 , O14
科图分类:
主题词: 数学 , 数理逻辑 , 数学基础
电子资源:
ISBN:
000 01177nam2 2200385 45
001 0184002552
005 20040512174109.8
010    @b精装@dCNY2.65
091    @a13031.2477
100    @a19950705d1984 emky0chiy0121 ea
101 1  @achi@ceng
102    @aCN@b110000
105    @ay z 000yy
106    @ar
200 10 @a数学与猜想@Ashu xue yu cai xiang@f(美)G·波利亚(G.Polya)著@F(Mei)G·Bo Li Ya(G.Polya)Zhu@g李心灿译
210    @a北京@c科学出版社@d1984
215    @a311页@d21cm
225 2  @a数学名著译丛
300    @a书名原文:Mathematics and Plausible Reasoning
327 1  @a第一卷,数学中的归纳和类比@a第二卷,合情推理模式
410  0 @120010@a数学名著译丛
510 1  @aMathematics and Plausible Reasoning@zeng
517 1  @a数学中的归纳和类比@Ashu xue zhong de gui na he lei bi
517 1  @a合情推理模式@Ahe qing tui li mo shi
606    @a数学
606 0  @a数理逻辑
606 0  @a数学基础
690    @aO1@v3
690    @aO14
701  1 @a波利亚@Abo li ya@bG.@4著
701 A1 @aPolya@bG.@4著
702  0 @a李心灿@Ali xin can@4译
801  0 @aCN@b上海图书馆@c20040512
801  2 @aCN@bNLC@c20040512
905    @f4@b101449-452@dO14@e18:1
    
    数学与猜想/(美)G·波利亚(G.Polya)著/李心灿译.-北京:科学出版社,1984
    311页;21cm.-(数学名著译丛)
    书名原文:Mathematics and Plausible Reasoning
    部分内容:第一卷,数学中的归纳和类比;第二卷,合情推理模式
    ISBN (精装):CNY2.65
    
●
相关链接 在E读中查询图书 在五车中查询图书 在当当中查询图书 在豆瓣中查询图书


正题名:数学与猜想     索取号:O14/18:1         预约/预借

序号 登录号 条形码 馆藏地/架位号 状态 备注
1 0101449   000409034   第三借阅区/ [索取号:O14/18:1] 在馆    
2 0101450   000408990   第三借阅区/ [索取号:O14/18:1] 在馆    
3 0101451   000409025   第三借阅区/ [索取号:O14/18:1] 在馆    
4 0101452   000408972   第三借阅区/ [索取号:O14/18:1] 在馆    
5 0101453   000408954   第二样本阅览室/ [索取号:O14/18:1] 在馆    
唐山师范学院图书馆 欢迎您!
大连网信软件有限公司© 版权所有